[Event "37th Reykjavik op"]
[Site "Reykjavik ISL"]
[Date "2024.03.15"]
[Round "1.15"]
[White "Reimer, Philip"]
[Black "Klimkowski, Jan"]
[WhiteElo "2095"]
[BlackElo "2532"]
[Result "0-1"]
[EventDate "2024.03.15"]
[PlyCount "141"]

1. e4 {[%eval 13,0]} c5 {[%eval 33,0]} 2. Nf3 {[%eval 22,0]} Nc6 {[%eval 31,0]}
3. d4 {[%eval 33,0]} cxd4 {[%eval 38,0]} 4. Nxd4 {[%eval 0,0]} e5 {[%eval 36,0]
} 5. Nb5 {[%eval 17,0]} d6 {[%eval 47,0]} 6. c4 {[%eval 4,0]} Be6 {[%eval 64,0]
} 7. Bd3 {[%eval 57,0]} g6 {[%eval 71,0]} 8. O-O {[%eval 53,0]} Bg7 {[%eval 63,
0]} 9. Bc2 {[%eval 53,0]} Bf8 {[%eval 44,0]} 10. b3 {[%eval 5,0]} a6 {[%eval 5,
0]} 11. N5c3 {[%eval 55,0]} Nf6 {[%eval 52,0]} 12. Nd5 {[%eval 35,0]} Nd4 {
[%eval 59,0]} 13. Nbc3 {[%eval 25,0]} Bg7 {[%eval 52,0]} 14. Be3 {[%eval 2,0]}
O-O {[%eval 58,0]} 15. f3 {[%eval 12,0]} Rc8 {[%eval 37,0]} 16. Bd3 {[%eval 16,
0]} Nxd5 {[%eval 22,0]} 17. Nxd5 {[%eval 11,0]} f5 {[%eval 55,0]} 18. exf5 {
[%eval 4,0]} Nxf5 $6 {[%eval 103,0] Inaccuracy. Bxd5 was best.} (18... Bxd5 19.
Bxd4) 19. Bb6 {[%eval 127,0]} Qg5 {[%eval 129,0]} 20. Be4 {[%eval 128,0]} Kh8 {
[%eval 137,0]} 21. Qe1 {[%eval 142,0]} Bd7 {[%eval 135,0]} 22. Rd1 {[%eval 132,
0]} Bc6 {[%eval 152,0]} 23. Qd2 {[%eval 121,0]} Bh6 {[%eval 151,0]} 24. Qxg5 {
[%eval 95,0]} Bxg5 {[%eval 99,0]} 25. Rd3 {[%eval 111,0]} Bd8 {[%eval 102,0]}
26. Rfd1 $6 {[%eval 1,0] Inaccuracy. Bxd8 was best.} (26. Bxd8) 26... Kg7 $6 {
[%eval 112,0] Inaccuracy. Bxd5 was best.} (26... Bxd5 27. Bxd8 Bxc4 28. Bxf5
Rcxd8 29. bxc4 Rxf5 30. Rxd6 Rxd6 31. Rxd6 Kg7 32. Rd5 Rf4 33. c5) 27. Bxd8 {
[%eval 112,0]} Rcxd8 {[%eval 129,0]} 28. Bxf5 {[%eval 104,0]} Rxf5 {[%eval 113,
0]} 29. Ne3 {[%eval 83,0]} Rg5 $6 {[%eval 109,0] Inaccuracy. Rf6 was best.} (
29... Rf6) 30. Rxd6 {[%eval 193,0]} Rf8 {[%eval 200,0]} 31. h4 {[%eval 168,0]}
Rh5 {[%eval 108,0]} 32. Ng4 $2 {[%eval 25,0] Mistake. Nd5 was best.} (32. Nd5
Rxh4) 32... e4 {[%eval 29,0]} 33. fxe4 {[%eval 33,0]} Rxh4 {[%eval 39,0]} 34.
Ne5 {[%eval 24,0]} Bxe4 {[%eval 56,0]} 35. Rd7+ {[%eval 5,0]} Kg8 {[%eval 100,
0]} 36. Re7 {[%eval 107,0]} Bf5 $2 {[%eval 241,0] Mistake. Rhf4 was best.} (
36... Rhf4) 37. Rxb7 {[%eval 231,0]} Re8 {[%eval 292,0]} 38. Nf3 $6 {[%eval
222,0] Inaccuracy. Ra7 was best.} (38. Ra7 Re4 39. Nf7 Re2 40. Nh6+ Kh8 41.
Nxf5 gxf5 42. Rdd7 Rxa2 43. Rxh7+ Kg8 44. Rag7+ Kf8) 38... Rhe4 {[%eval 221,0]}
39. c5 {[%eval 203,0]} g5 $2 {[%eval 362,0] Mistake. Re2 was best.} (39... Re2
40. Ra7 Be4 41. Rdd7 g5 42. c6 Bxf3 43. Rg7+ Kh8 44. Rxh7+ Kg8 45. Rhg7+ Kh8
46. gxf3) 40. c6 $4 {[%eval 82,0] Blunder. Rd5 was best.} (40. Rd5 Rf8 41. Nd4
Bc8 42. Rc7 Rg4 43. Re7 h5 44. Ne6 Bxe6 45. Rxe6 Kg7 46. Rxa6 Rf7) 40... g4 {
[%eval 103,0]} 41. Nh4 {[%eval 48,0]} Bc8 {[%eval 59,0]} 42. Rb8 {[%eval 47,0]}
g3 {[%eval 38,0]} 43. Nf3 {[%eval 29,0]} Re2 {[%eval 68,0]} 44. Rb4 $6 {
[%eval 3,0] Inaccuracy. Rf1 was best.} (44. Rf1 Rc2) 44... Rxa2 {[%eval 11,0]}
45. Rbd4 {[%eval 0,0]} Rc2 {[%eval 5,0]} 46. Rd6 {[%eval 14,0]} Bg4 {[%eval 9,
0]} 47. Rf1 {[%eval 12,0]} a5 {[%eval 0,0]} 48. Nd4 {[%eval 7,0]} Rc5 {[%eval
9,0]} 49. Rdf6 {[%eval 4,0]} h5 {[%eval 0,0]} 50. Nf5 {[%eval 0,0]} Bxf5 {
[%eval 0,0]} 51. R6xf5 {[%eval 0,0]} Rxc6 {[%eval 0,0]} 52. Rg5+ {[%eval 0,0]}
Kh7 {[%eval 0,0]} 53. Rxg3 {[%eval 0,0]} Re5 {[%eval 0,0]} 54. Rf7+ {[%eval 0,
0]} Kh6 {[%eval 0,0]} 55. Rf8 {[%eval 0,0]} Rg6 {[%eval 0,0]} 56. Rh8+ {
[%eval 0,0]} Kg7 {[%eval 0,0]} 57. Rg8+ {[%eval 0,0]} Kxg8 {[%eval 0,0]} 58.
Rxg6+ {[%eval 0,0]} Kf7 {[%eval 0,0]} 59. Ra6 {[%eval 0,0]} Rb5 {[%eval 0,0]}
60. Kf2 {[%eval 0,0]} Ke7 {[%eval 0,0]} 61. Ke2 {[%eval 0,0]} Rg5 {[%eval 1,0]}
62. Kf3 {[%eval 0,0]} Kd7 {[%eval 3,0]} 63. Ke4 {[%eval 0,0]} Kc7 {[%eval 0,0]}
64. Rh6 {[%eval 0,0]} Rb5 {[%eval 1,0]} 65. Kd4 {[%eval 0,0]} Rxb3 {[%eval 2,0]
} 66. Rxh5 {[%eval 0,0]} a4 {[%eval 1,0]} 67. Ra5 {[%eval 0,0]} Rg3 {[%eval 0,
0]} 68. Kc4 {[%eval 0,0]} Rxg2 69. Rxa4 Rg4+ 70. Kb3 Rxa4 71. Kxa4 0-1

[Event "37th Reykjavik op"]
[Site "Reykjavik ISL"]
[Date "2024.03.15"]
[Round "1.16"]
[White "Yilmazyerli, Mert"]
[Black "Pollack, Oscar"]
[WhiteElo "2526"]
[BlackElo "2092"]
[Result "1-0"]
[EventDate "2024.03.15"]
[PlyCount "85"]

1. e4 {[%eval 13,0]} c5 {[%eval 33,0]} 2. Nf3 {[%eval 22,0]} Nc6 {[%eval 31,0]}
3. Bb5 {[%eval 25,0]} g6 {[%eval 37,0]} 4. Bxc6 {[%eval 32,0]} dxc6 {[%eval 52,
0]} 5. d3 {[%eval 34,0]} Bg7 {[%eval 61,0]} 6. O-O {[%eval 31,0]} Nf6 {[%eval
39,0]} 7. Re1 {[%eval 44,0]} Nd7 {[%eval 75,0]} 8. h3 {[%eval 23,0]} e5 {
[%eval 32,0]} 9. a4 {[%eval 23,0]} a5 {[%eval 22,0]} 10. Na3 {[%eval 16,0]} Qc7
{[%eval 3,0]} 11. Be3 {[%eval 29,0]} b6 {[%eval 34,0]} 12. Qd2 {[%eval 23,0]}
Nf8 {[%eval 38,0]} 13. Bh6 {[%eval 33,0]} f6 {[%eval 43,0]} 14. c3 {[%eval 53,
0]} Bxh6 {[%eval 71,0]} 15. Qxh6 {[%eval 64,0]} Ne6 {[%eval 65,0]} 16. d4 {
[%eval 66,0]} cxd4 {[%eval 69,0]} 17. cxd4 {[%eval 73,0]} exd4 {[%eval 66,0]}
18. e5 {[%eval 46,0]} f5 {[%eval 63,0]} 19. Nc4 {[%eval 9,0]} Ba6 $4 {[%eval
408,0] Blunder. c5 was best.} (19... c5 20. Nd6+ Kd7 21. b4 axb4 22. Nxd4 cxd4
23. Rac1 Qd8 24. Qd2 Ba6 25. Qxb4 Qe7 26. a5) 20. Nd6+ {[%eval 408,0]} Kd8 {
[%eval 465,0]} 21. Nxd4 {[%eval 519,0]} Nxd4 {[%eval 521,0]} 22. Qh4+ {[%eval
529,0]} Qe7 {[%eval 500,0]} 23. Qxd4 {[%eval 407,0]} c5 {[%eval 445,0]} 24. Qf4
{[%eval 409,0]} Kc7 {[%eval 422,0]} 25. Nf7 {[%eval 415,0]} Rhf8 $6 {[%eval
572,0] Inaccuracy. Rhd8 was best.} (25... Rhd8 26. Nxd8 Rxd8 27. Rad1 Rxd1 28.
Rxd1 Bc8 29. Rd6 Bd7 30. Rf6 Be8 31. Qg3 Qd8 32. Qb3) 26. e6+ {[%eval 508,0]}
Kb7 {[%eval 592,0]} 27. Rad1 {[%eval 569,0]} Rxf7 {[%eval 612,0]} 28. exf7 {
[%eval 603,0]} Qxf7 {[%eval 603,0]} 29. Qf3+ {[%eval 624,0]} Ka7 {[%eval 606,0]
} 30. Qc6 {[%eval 601,0]} Bc8 {[%eval 584,0]} 31. Qd6 {[%eval 493,0]} Bb7 {
[%eval 585,0]} 32. Re6 {[%eval 583,0]} Rc8 {[%eval 569,0]} 33. Qxb6+ {[%eval
571,0]} Kb8 {[%eval 551,0]} 34. Red6 {[%eval 518,0]} Qc7 {[%eval 518,0]} 35.
Qb5 {[%eval 528,0]} c4 {[%eval 615,0]} 36. Rd7 {[%eval 621,0]} Qc6 {[%eval 599,
0]} 37. Qxc6 $6 {[%eval 447,0] Inaccuracy. Qe5+ was best.} (37. Qe5+ Ka8 38.
R1d5 Qxd5 39. Rxd5 Bxd5 40. Qxd5+ Kb8 41. Qb5+ Kc7 42. Qxa5+ Kb7 43. Qd5+ Ka7)
37... Bxc6 {[%eval 466,0]} 38. Rxh7 {[%eval 476,0]} Bxa4 {[%eval 489,0]} 39.
Ra1 {[%eval 491,0]} Bc6 {[%eval 496,0]} 40. Rxa5 {[%eval 409,0]} Rd8 {[%eval
489,0]} 41. Ra6 {[%eval 493,0]} Rd1+ {[%eval 517,0]} 42. Kh2 {[%eval 505,0]}
Bd5 $6 {[%eval 698,0] Inaccuracy. Bd7 was best.} (42... Bd7 43. Rxg6 Rd2 44. h4
Kc7 45. Rgg7 Kc6 46. Rxd7 Rxf2 47. Rc7+ Kd6 48. Rb7 Rf4 49. h5) 43. Rxg6 $6 {
[%eval 532,0] Inaccuracy. Rf6 was best.} (43. Rf6 Bb7 44. Rb6 Ka8 45. Rbxb7 Rd6
46. Ra7+ Kb8 47. Rag7 Kc8 48. h4 Rd8 49. Rxg6 Kb8) 1-0

[Event "37th Reykjavik op"]
[Site "Reykjavik ISL"]
[Date "2024.03.15"]
[Round "1.17"]
[White "Harish, Neeraj"]
[Black "Krzyzanowski, Marcin"]
[WhiteElo "2090"]
[BlackElo "2524"]
[Result "1/2-1/2"]
[EventDate "2024.03.15"]
[PlyCount "120"]

1. e4 {[%eval 13,0]} c5 {[%eval 33,0]} 2. Nc3 {[%eval 24,0]} d6 {[%eval 0,0]}
3. f4 {[%eval 0,0]} g6 {[%eval 15,0]} 4. Nf3 {[%eval 0,0]} Bg7 {[%eval 3,0]} 5.
Bb5+ {[%eval 0,0]} Bd7 {[%eval 16,0]} 6. a4 {[%eval 0,0]} Nc6 {[%eval 0,0]} 7.
d3 {[%eval 0,0]} a6 {[%eval 0,0]} 8. Bxc6 {[%eval 6,0]} Bxc6 {[%eval 9,0]} 9.
a5 {[%eval 0,0]} Nf6 {[%eval 8,0]} 10. O-O {[%eval 14,0]} O-O {[%eval 2,0]} 11.
Qe1 {[%eval 1,0]} e6 {[%eval 7,0]} 12. e5 {[%eval 14,0]} dxe5 {[%eval 13,0]}
13. Nxe5 {[%eval 12,0]} Rc8 {[%eval 13,0]} 14. Be3 {[%eval 11,0]} Nd7 {[%eval
12,0]} 15. Nc4 {[%eval 18,0]} Qc7 {[%eval 4,0]} 16. Qf2 {[%eval 19,0]} Bd5 {
[%eval 17,0]} 17. Na4 {[%eval 64,0]} Bxc4 {[%eval 66,0]} 18. dxc4 {[%eval 74,0]
} Rfd8 {[%eval 43,0]} 19. Rfd1 $2 {[%eval -27,0] Mistake. Qf3 was best.} (19.
Qf3) 19... Qxa5 {[%eval -28,0]} 20. Bd2 {[%eval -14,0]} Qc7 {[%eval -4,0]} 21.
Qf3 $6 {[%eval -133,0] Inaccuracy. Bc3 was best.} (21. Bc3 Bh6 22. Rd3 b5 23.
Qh4 Qxf4 24. Qxf4 Bxf4 25. Ba5 bxc4 26. Rdd1 Bc7 27. Bxc7 Rxc7) 21... b5 {
[%eval -195,0]} 22. cxb5 {[%eval -293,0]} axb5 {[%eval -298,0]} 23. Nc3 {
[%eval -109,0]} b4 {[%eval -112,0]} 24. Na4 {[%eval -109,0]} Nb6 {[%eval -295,
0]} 25. Nxb6 {[%eval -299,0]} Qxb6 {[%eval -105,0]} 26. c3 {[%eval -148,0]} h5
{[%eval -151,0]} 27. Be1 {[%eval -159,0]} Qb5 {[%eval -186,0]} 28. h3 {[%eval
-3,0]} Bf6 {[%eval -199,0]} 29. Rac1 {[%eval -197,0]} b3 {[%eval -199,0]} 30.
Kh2 {[%eval -182,0]} c4 {[%eval -158,0]} 31. Bf2 {[%eval -183,0]} Qf5 {[%eval
-37,0]} 32. Be3 {[%eval -181,0]} h4 {[%eval -177,0]} 33. Qf2 {[%eval -129,0]}
Rd5 {[%eval -153,0]} 34. Rxd5 {[%eval -145,0]} Qxd5 {[%eval -137,0]} 35. Bd4 {
[%eval -279,0]} Bxd4 {[%eval -278,0]} 36. Qxd4 $6 {[%eval -332,0] Inaccuracy.
cxd4 was best.} (36. cxd4 Kg7 37. Qe3 Rd8 38. Rd1 Ra8 39. Rc1 Ra2 40. Qc3 Qa5
41. Qxa5 Rxa5 42. Rxc4 Ra2) 36... Qxd4 {[%eval -337,0]} 37. cxd4 {[%eval -334,
0]} Kg7 {[%eval -335,0]} 38. Kg1 {[%eval -497,0]} Kf6 {[%eval -489,0]} 39. Kf2
{[%eval -499,0]} Kf5 {[%eval -311,0]} 40. Kf3 {[%eval -600,0]} c3 {[%eval -404,
0]} 41. bxc3 {[%eval -405,0]} b2 {[%eval -407,0]} 42. Rb1 {[%eval -591,0]}
Rxc3+ {[%eval -404,0]} 43. Kf2 {[%eval -556,0]} Rb3 {[%eval -574,0]} 44. Ke2 {
[%eval -598,0]} Kxf4 {[%eval -582,0]} 45. Kd2 {[%eval -624,0]} Kg3 {[%eval
-664,0]} 46. Kc2 {[%eval -697,0]} Rb8 {[%eval -504,0]} 47. Rxb2 {[%eval -803,0]
} Rxb2+ {[%eval -856,0]} 48. Kxb2 {[%eval -1095,0]} Kxg2 {[%eval -968,0]} 49.
Kc3 {[%eval -997,0]} Kxh3 {[%eval -32737,0]} 50. Kd3 {[%eval -32737,0]} Kg3 {
[%eval -32737,0]} 51. Ke4 {[%eval -32739,0]} h3 {[%eval -32741,0]} 52. Ke5 {
[%eval -32741,0]} h2 {[%eval -32735,0]} 53. Kf6 {[%eval -32745,0]} h1=Q {
[%eval -32747,0]} 54. Kxf7 {[%eval -32747,0]} Qd5 {[%eval -32751,0]} 55. Kxg6
$4 {[%eval -32755,0] Checkmate is now unavoidable. Kg7 was best.} (55. Kg7 g5
56. Kh6 g4 57. Kg6 Kf3 58. Kg7 g3 59. Kf7 g2 60. Kg7 g1=Q+ 61. Kh6 Qdxd4) 55...
Qf5+ {[%eval -32757,0]} 56. Kg7 {[%eval -32757,0]} Kg4 {[%eval -32759,0]} 57.
Kg8 Kg5 58. Kg7 Qf6+ 59. Kg8 Kg6 60. d5 Qg7# 1/2-1/2

[Event "37th Reykjavik op"]
[Site "Reykjavik ISL"]
[Date "2024.03.15"]
[Round "1.18"]
[White "Goekerkan, Cem Kaan"]
[Black "Fossheim, Yngve"]
[WhiteElo "2523"]
[BlackElo "2090"]
[Result "1-0"]
[EventDate "2024.03.15"]
[PlyCount "73"]

1. d4 {[%eval 15,0]} Nf6 {[%eval 16,0]} 2. c4 {[%eval 16,0]} e6 {[%eval 21,0]}
3. Nf3 {[%eval 0,0]} Bb4+ {[%eval 43,0]} 4. Bd2 {[%eval 21,0]} Qe7 {[%eval 54,
0]} 5. g3 {[%eval 38,0]} O-O {[%eval 71,0]} 6. Bg2 {[%eval 33,0]} Bxd2+ {
[%eval 48,0]} 7. Qxd2 {[%eval 48,0]} d5 {[%eval 41,0]} 8. O-O {[%eval 51,0]}
Nbd7 {[%eval 47,0]} 9. b3 {[%eval 28,0]} Ne4 {[%eval 58,0]} 10. Qc2 {[%eval 6,
0]} c6 {[%eval 47,0]} 11. Ne1 {[%eval 46,0]} f5 {[%eval 43,0]} 12. Nd3 {
[%eval 37,0]} b6 {[%eval 45,0]} 13. cxd5 {[%eval 12,0]} cxd5 {[%eval 16,0]} 14.
Nd2 {[%eval 17,0]} Nxd2 $6 {[%eval 78,0] Inaccuracy. Ba6 was best.} (14... Ba6)
15. Qxd2 {[%eval 82,0]} Bb7 {[%eval 89,0]} 16. Rfc1 {[%eval 92,0]} Rfc8 {
[%eval 9,0]} 17. b4 {[%eval 53,0]} Ba6 {[%eval 62,0]} 18. Nb2 {[%eval 56,0]}
Nf6 {[%eval 67,0]} 19. a4 {[%eval 64,0]} (19. a3) 19... Ne4 {[%eval 71,0]} 20.
Qe1 $6 {[%eval 7,0] Inaccuracy. Bxe4 was best.} (20. Bxe4 fxe4) 20... Rxc1 {
[%eval 57,0]} 21. Rxc1 {[%eval 67,0]} Rc8 {[%eval 68,0]} 22. b5 {[%eval 58,0]}
Bb7 {[%eval 55,0]} 23. Rxc8+ {[%eval 67,0]} Bxc8 {[%eval 7,0]} 24. Qc1 {
[%eval 58,0]} Nd6 {[%eval 51,0]} 25. Nd3 {[%eval 18,0]} a6 {[%eval 13,0]} 26.
bxa6 {[%eval 25,0]} Bxa6 {[%eval 2,0]} 27. Nf4 {[%eval 8,0]} Bb7 $6 {[%eval 48,
0] Inaccuracy. g5 was best.} (27... g5 28. Nh3) 28. Qe3 {[%eval 15,0]} Kf7 {
[%eval 21,0]} 29. Qe5 {[%eval 0,0]} Nc4 {[%eval 52,0]} 30. Qb8 {[%eval 54,0]}
Bc6 $6 {[%eval 125,0] Inaccuracy. g5 was best.} (30... g5 31. Nd3 h6 32. Bf3
Bc6 33. Qh8 g4 34. Qh7+ Ke8 35. Qg8+ Kd7 36. Bg2 Bxa4 37. Nf4) 31. Qh8 {
[%eval 126,0]} h6 $2 {[%eval 257,0] Mistake. Bxa4 was best.} (31... Bxa4) 32.
Bf3 {[%eval 225,0]} Qf6 $4 {[%eval 546,0] Blunder. Bxa4 was best.} (32... Bxa4
33. Bh5+ Kf6 34. Qb8 g6 35. Bxg6 Kg7 36. Bh5 Qd7 37. Kg2 Bc6 38. e3 Ba4 39. Be2
) 33. Qc8 {[%eval 548,0]} Bxa4 {[%eval 559,0]} 34. Bh5+ {[%eval 552,0]} Ke7 {
[%eval 551,0]} 35. Qc7+ {[%eval 547,0]} Kf8 $4 {[%eval 32756,0] Checkmate is
now unavoidable. Bd7 was best.} (35... Bd7 36. Ng6+ Qxg6 37. Bxg6 b5 38. g4 Nd6
39. Qc5 Be8 40. gxf5 Bxg6 41. Qc7+ Kf6 42. fxe6) 36. Ng6+ {[%eval 32758,0]} Ke8
{[%eval 32762,0]} 37. Qc8+ {[%eval 32764,0]} 1-0

[Event "37th Reykjavik op"]
[Site "Reykjavik ISL"]
[Date "2024.03.15"]
[Round "1.20"]
[White "Suleymenov, Alisher"]
[Black "Schliebener, Stephan"]
[WhiteElo "2506"]
[BlackElo "2088"]
[Result "1-0"]
[EventDate "2024.03.15"]
[PlyCount "75"]

1. d4 {[%eval 15,0]} d5 {[%eval 25,0]} 2. Nf3 {[%eval 1,0]} e6 {[%eval 25,0]}
3. c4 {[%eval 11,0]} Nf6 {[%eval 12,0]} 4. Nc3 {[%eval 0,0]} Be7 {[%eval 0,0]}
5. Bf4 {[%eval 31,0]} O-O {[%eval 27,0]} 6. e3 {[%eval 33,0]} b6 {[%eval 18,0]}
7. Be2 {[%eval 3,0]} Bb7 {[%eval 39,0]} 8. cxd5 {[%eval 4,0]} Nxd5 {[%eval 26,
0]} 9. Nxd5 {[%eval 3,0]} Qxd5 {[%eval 43,0]} 10. Bxc7 {[%eval 41,0]} Bb4+ {
[%eval 34,0]} 11. Kf1 {[%eval 65,0]} Nc6 {[%eval 77,0]} 12. a3 {[%eval 38,0]}
Be7 {[%eval 67,0]} 13. Kg1 {[%eval 62,0]} Rac8 {[%eval 55,0]} 14. Bg3 {[%eval
62,0]} Rfd8 {[%eval 103,0]} 15. h3 $6 {[%eval 41,0] Inaccuracy. h4 was best.} (
15. h4 Bd6 16. Rh3 e5 17. dxe5 Bxe5 18. Qxd5 Rxd5 19. e4 Rc5 20. Bxe5 Nxe5 21.
Nxe5 Rxe5) 15... Bd6 {[%eval 45,0]} 16. Kh2 {[%eval 36,0]} Bxg3+ {[%eval 37,0]}
17. fxg3 {[%eval 32,0]} e5 {[%eval 31,0]} 18. dxe5 {[%eval 28,0]} Qe4 {[%eval
22,0]} 19. Qb1 {[%eval 21,0]} Qxe3 {[%eval 32,0]} 20. Re1 {[%eval 5,0]} Qf2 $4
{[%eval 288,0] Blunder. Nxe5 was best.} (20... Nxe5 21. Nxe5 Qxe5 22. Bd3 Qf6
23. Bxh7+ Kf8 24. Be4 Bxe4 25. Qxe4 Qxb2 26. Rac1 Qf6 27. Qh7) 21. Bf1 $4 {
[%eval 64,0] Blunder. Ng5 was best.} (21. Ng5 g6 22. Bf3 Qc5 23. Qe4 h6 24.
Nxf7 Kxf7 25. Qf4+ Kg7 26. Qf6+ Kh7 27. Qf7+ Kh8) 21... Nd4 $6 {[%eval 164,0]
Inaccuracy. Nxe5 was best.} (21... Nxe5) 22. Nxd4 {[%eval 146,0]} Qxd4 {
[%eval 159,0]} 23. Re2 $2 {[%eval 1,0] Mistake. e6 was best.} (23. e6 fxe6 24.
Rxe6 Bd5 25. Re7 Rf8 26. Qe1 Qxb2 27. Rd1 Bf7 28. a4 Qc3 29. Qe4 Rc7) 23... Re8
$2 {[%eval 125,0] Mistake. Bd5 was best.} (23... Bd5 24. Qf5 Be6 25. Qf4 h6 26.
Rae1 Qc5 27. g4 Qe7 28. Qg3 Qg5 29. Rf2 Rd2 30. Bd3) 24. Qf5 {[%eval 8,0]} Rc5
{[%eval 87,0]} 25. Qf4 {[%eval 87,0]} Qd7 $6 {[%eval 198,0] Inaccuracy. Rd8
was best.} (25... Rd8) 26. Rae1 {[%eval 201,0]} Qe6 {[%eval 201,0]} 27. Rf2 $6
{[%eval 134,0] Inaccuracy. Rd2 was best.} (27. Rd2 g6 28. Rd6 Qf5 29. Bd3 Qxf4
30. gxf4 Rd5 31. Rxd5 Bxd5 32. g4 Rc8 33. Kg3 Rc5) 27... h6 {[%eval 132,0]} 28.
Bd3 {[%eval 124,0]} Bd5 $6 {[%eval 199,0] Inaccuracy. g5 was best.} (28... g5
29. Qa4) 29. Bb1 {[%eval 106,0]} Bb3 {[%eval 168,0]} 30. Rfe2 {[%eval 174,0]}
Bc4 {[%eval 200,0]} 31. Rd2 {[%eval 194,0]} Bd5 $6 {[%eval 308,0] Inaccuracy.
Rd5 was best.} (31... Rd5 32. Rf2 b5 33. Bf5 Qb6 34. e6 Rdd8 35. exf7+ Bxf7 36.
Rff1 Qd6 37. Bh7+ Kxh7 38. Qxf7) 32. Qd4 $2 {[%eval 167,0] Mistake. b4 was
best.} (32. b4 Rc7 33. Bf5 Qc6 34. Red1 Be6 35. Rd6 Qb7 36. Bxe6 fxe6 37. Rd8
Rce7 38. Qc4 Rxd8) 32... Ba2 $2 {[%eval 302,0] Mistake. Bb3 was best.} (32...
Bb3 33. Qe4 g6 34. Qf3 Rd5 35. Rf2 Rc5 36. Re3 Bd5 37. Qd1 Qc6 38. Re1 Kg7 39.
b4) 33. Bxa2 {[%eval 301,0]} Qxa2 {[%eval 301,0]} 34. b4 {[%eval 304,0]} Rc2 {
[%eval 287,0]} 35. Rxc2 {[%eval 296,0]} Qxc2 {[%eval 292,0]} 36. Qd7 {[%eval
286,0]} Re6 {[%eval 309,0]} 37. Qxa7 {[%eval 321,0]} Kh7 $6 {[%eval 466,0]
Inaccuracy. Qd3 was best.} (37... Qd3 38. a4 h5 39. h4 g6 40. Qb7 Qd8 41. b5
Re7 42. Qe4 Qc7 43. Qd4 Re6 44. Re3) 38. Qxf7 {[%eval 454,0]} 1-0

[Event "37th Reykjavik op"]
[Site "Reykjavik ISL"]
[Date "2024.03.15"]
[Round "1.22"]
[White "Balakrishnan, Praveen"]
[Black "Beisteiner, Joachim"]
[WhiteElo "2490"]
[BlackElo "2079"]
[Result "1-0"]
[EventDate "2024.03.15"]
[PlyCount "63"]

1. d4 {[%eval 15,0]} Nf6 {[%eval 16,0]} 2. c4 {[%eval 16,0]} e6 {[%eval 21,0]}
3. Nc3 {[%eval 8,0]} Bb4 {[%eval 12,0]} 4. e3 {[%eval 0,0]} O-O {[%eval 21,0]}
5. Nge2 {[%eval 0,0]} c6 {[%eval 0,0]} 6. a3 {[%eval 0,0]} Ba5 {[%eval 0,0]} 7.
b4 {[%eval 0,0]} Bc7 {[%eval 0,0]} 8. Bb2 {[%eval 18,0]} d5 {[%eval 14,0]} 9.
Ng3 {[%eval 6,0]} Nbd7 {[%eval 9,0]} 10. Qc2 $6 {[%eval 66,0] Inaccuracy. Be2
was best.} (10. Be2 dxc4) 10... Re8 {[%eval 4,0]} 11. Rd1 {[%eval 62,0]} Nf8 $6
{[%eval 36,0] Inaccuracy. h5 was best.} (11... h5 12. e4) 12. Be2 {[%eval 34,0]
} Ng6 {[%eval 26,0]} 13. O-O {[%eval 35,0]} Qe7 {[%eval 37,0]} 14. f4 {[%eval
26,0]} Nh4 $6 {[%eval 91,0] Inaccuracy. Bd7 was best.} (14... Bd7 15. c5) 15.
e4 {[%eval 72,0]} dxe4 {[%eval 7,0]} 16. Ncxe4 {[%eval 78,0]} Nxe4 {[%eval 77,
0]} 17. Nxe4 {[%eval 75,0]} a5 {[%eval 62,0]} 18. Qc3 {[%eval 66,0]} f6 {
[%eval 71,0]} 19. Rfe1 {[%eval 51,0]} Ng6 $6 {[%eval 121,0] Inaccuracy. axb4
was best.} (19... axb4) 20. g3 {[%eval 133,0]} axb4 {[%eval 132,0]} 21. axb4 {
[%eval 127,0]} e5 $6 {[%eval 223,0] Inaccuracy. Rd8 was best.} (21... Rd8) 22.
fxe5 $2 {[%eval 84,0] Mistake. dxe5 was best.} (22. dxe5 fxe5 23. c5 Be6 24.
Nd6 Bxd6 25. cxd6 Qf7 26. fxe5 Rf8 27. Qd4 Qd7 28. Rd2 Rf7) 22... fxe5 {
[%eval 111,0]} 23. d5 {[%eval 111,0]} cxd5 {[%eval 114,0]} 24. cxd5 {[%eval
115,0]} Bd6 $6 {[%eval 197,0] Inaccuracy. Bb6+ was best.} (24... Bb6+ 25. Kh1
Bf5 26. Qc4 Kh8 27. d6 Qd7 28. Nc5 Bxc5 29. Qxc5 Rec8 30. Bb5 Qf7 31. Qd5) 25.
Nxd6 {[%eval 195,0]} Qxd6 {[%eval 203,0]} 26. Qc5 {[%eval 201,0]} Qxc5+ {
[%eval 231,0]} 27. bxc5 {[%eval 237,0]} Ra2 {[%eval 302,0]} 28. Rd2 {[%eval
277,0]} Ra5 {[%eval 328,0]} 29. Rc1 $6 {[%eval 239,0] Inaccuracy. c6 was best.}
(29. c6 bxc6 30. dxc6 Rc5 31. Rc1 Rxc1+ 32. Bxc1 Be6 33. c7 Rc8 34. Rc2 Ne7 35.
Ba3 Nd5) 29... Bf5 $6 {[%eval 363,0] Inaccuracy. Rd8 was best.} (29... Rd8) 30.
c6 {[%eval 365,0]} bxc6 {[%eval 363,0]} 31. dxc6 {[%eval 342,0]} Kf7 $6 {
[%eval 444,0] Inaccuracy. h5 was best.} (31... h5 32. c7 Raa8 33. Bxh5 Kh7 34.
Rc6 e4 35. Bxg6+ Bxg6 36. Rd7 Rg8 37. Bd4 Bf5 38. Rf7) 32. Rf1 {[%eval 442,0]}
1-0